| 000 | 00342nam a22001457a 4500 | ||
|---|---|---|---|
| 003 | SGT | ||
| 020 | _a97-81-8014-204-8 | ||
| 082 |
_a630 _bE18S |
||
| 100 | _aSAHAY, DR. JAGDISHWAR | ||
| 245 | _aELEMENTS OF AGRICULTURAL ENGINEERING | ||
| 260 |
_aDELHI _bSTANDARD PUB _c2018 |
||
| 300 | _a542 | ||
| 650 | _aAGRICULTURE | ||
| 942 |
_2ddc _cBK _081 |
||
| 999 |
_c17009 _d17009 |
||